Studies in honor of John A. Wilson, September 12, 1969.

محفوظ في:

مؤلفون آخرون: Wilson, John Albert, 1899-1976.

التنسيق: كتاب

اللغة: English
German

منشور في: Chicago, Ill. : The University of Chicago Press, [1969].

سلاسل: Studies in Ancient Oriental Civilization ; 35.
SAOC ; 35.

الموضوعات:

الوسوم: إضافة وسم

لا توجد وسوم, كن أول من يضع وسما على هذه التسجيلة!

رقم الطلب: DS57 .C5 v.35

LEADER 01721cam a2200313 4500
001 ocm00115626
003 OSt
005 20260312070152.0
008 701023s1969 iluac b 010 0 eng
020 |a 0226624080 
020 |a 9780226624082 
040 |c ARCE Library 
041 0 |a eng  |a ger 
043 |a f-ua--- 
050 4 |a DS57 .C5 v.35 
245 0 0 |a Studies in honor of John A. Wilson, September 12, 1969. 
264 1 |a Chicago, Ill. :   |b The University of Chicago Press,   |c [1969]. 
300 |a ix, 124 pages :   |b illustrations, portrait ;   |c 24 cm. 
490 0 |a Studies in Ancient Oriental Civilization ;   |v 35. 
490 0 |a SAOC ;   |v 35. 
504 |a Bibliography of John A. Wilson / Elizabeth B. Hauser. 
505 0 |a Zur Übersetzung der Präpositionen und Konjunktionen m und dr., by R. Anthes.--Illusionism in Egyptian architecture, by A. Badawy.--A ritual ball game? By C.E. DeVries.--Foreign gods in ancient Egypt, by S.H. Horn.--The cruel father: a demotic papyrus in the library of G. Michaelides, by G.R. Hughes.--Eunuchs in ancient Egypt? By G.E. Kadish.--Three philological notes, by M. Lichtheim.--Thutmosis III's benefactions to Amon, by C.F. Nims.--Once again the coregency of Thutmose III and Amenhotep II., by R.A. Parker.--Hathor at the Jubilee, by E.F. Wente.--Some Egyptianisms in the Old Testament, by R.J. Williams.--A Greco-Egyptian funerary stela, by L.V. Žabkar.--Bibliography of John A. Wilson, by E.B. Hauser (p. 115-124). 
546 |a English or German. 
600 1 0 |a Wilson, John Albert,   |d 1899-1976   |v Bibliography. 
651 0 |a Egypt  |x Civilization  |y To 332 B.C. 
700 1 |a Wilson, John Albert,   |d 1899-1976. 
901 |a reviewed 
942 |2 lcc  |c BK 
999 |c 55325  |d 55325